书目信息 |
| 题名: |
这样学日语最有效
|
|
| 作者: | 山野内扶 著 ;吴一郎 , 林勇哲 绘 ;日本语研究与交流会 著 | |
| 分册: | ||
| 出版信息: | 长春 吉林出版集团有限责任公司 2011.08 |
|
| 页数: | 142页 | |
| 开本: | 24cm | |
| 丛书名: | ||
| 单 册: | ||
| 中图分类: | H36 | |
| 科图分类: | ||
| 主题词: | 日语--自学参考资料 | |
| 电子资源: | ||
| ISBN: | 978-7-5463-5493-4 | |
| 000 | 01156nam0 2200301 450 | |
| 001 | 1145277058 | |
| 005 | 20111231123532.17 | |
| 010 | @a978-7-5463-5493-4@dCNY39.80 | |
| 049 | @aA330000ZJL@bUCS01004916977@c012011031428 | |
| 096 | @aH36@bsyn | |
| 100 | @a20110815d2011 em y0chiy50 ea | |
| 101 | 2 | @achi@ajpn@cjpn |
| 102 | @aCN@b220000 | |
| 105 | @aa z 000yy | |
| 200 | 1 | @a这样学日语最有效@9zhe yang xue ri yu zui you xiao@b专著@e我的第一本漫画图解日语书@f山野内扶,日本语研究与交流会著@g吴一郎绘@g林勇哲译 |
| 210 | @a长春@c吉林出版集团有限责任公司@d2011.08 | |
| 215 | @a142页@c彩图@d24cm@e1光盘 | |
| 307 | @a附光盘:ISRC CN-Z07-11-0040-0 | |
| 330 | @a本书由两册组成,第一册主要学习日语文字和发音、礼貌用语和名词;第二册主要学习形容词和动词。 | |
| 517 | 1 | @a我的第一本漫画图解日语书@9wo de di yi ben man hua tu jie ri yu shu |
| 606 | 0 | @a日语@j自学参考资料 |
| 690 | @aH36@v4 | |
| 701 | 0 | @c(日)@a山野内扶@9shan ye nei fu@4著 |
| 702 | 0 | @a吴一郎@9wu yi lang@4绘 |
| 702 | 0 | @a林勇哲@9lin yong zhe@4译 |
| 711 | 02 | @a日本语研究与交流会@9ri ben yu yan jiu yu jiao liu hui@4著 |
| 801 | 0 | @aCN@bZL@c20110805 |
| 905 | @aZUCC@dH36@eS143 | |
| 这样学日语最有效:我的第一本漫画图解日语书/山野内扶,日本语研究与交流会著/吴一郎绘/林勇哲译.-长春:吉林出版集团有限责任公司,2011.08 |
| 142页:彩图;24cm+1光盘 |
| ISBN 978-7-5463-5493-4:CNY39.80 |
| 本书由两册组成,第一册主要学习日语文字和发音、礼貌用语和名词;第二册主要学习形容词和动词。 |
| ● |
| 相关链接 |
|
|
|
正题名:这样学日语最有效
索取号:H36/S143
 
预约/预借
| 序号 | 登录号 | 条形码 | 馆藏地/架位号 | 状态 | 备注 |
| 1 | 467589 | 204675896 | 语言库209/209语言库 124排2列1层/ [索取号:H36/S143] | 在馆 | |
| 2 | 467590 | 204675903 | 语言库209/209语言库 55排3列3层/ [索取号:H36/S143] | 在馆 | |
| 3 | 467591 | 204675912 | 语言库209/209语言库 124排2列1层/ [索取号:H36/S143] | 在馆 |